All Lana Del Rey songs - Statistics

General Stats
  • This quiz has been taken 17 times
    10 since last reset
  • The average score is 108 of 349
Answer Stats
A.K.A. Lizzy Grant (2010) Answer % Correct
Born To Die Deluxe (2012) Born To Die
100%
Joshy & I
100%
A&W
71%
Beautiful
71%
Blue Jeans
71%
Carmen
71%
Chemtrails Over The Country Club
71%
Cherry
71%
Come with Me
71%
Crazy For You
71%
Dark Paradise
71%
Fingertips
71%
Heroin
71%
Honeymoon (2015) Honeymoon
71%
If You Lie Down With Me
71%
2015 film The Age of Adaline Life Is Beautiful
71%
Rob Grant (Lost At Sea, 2023) Lost At Sea
71%
Lust For Life
71%
Never Let Me Go
71%
Not All Who Wander Are Lost
71%
Roll with Me
71%
She's Not Me
71%
Summertime Sadness
71%
TV in Black & White
71%
Chemtrails Over The Country Club (2021) White Dress
71%
Without You
71%
You & Me
71%
2013 film The Great Gatsby Young and Beautiful
71%
You're Gonna Love Me
71%
French Montana, Snoop Dogg, Wiz Khalifa (Coke Boys 4, 2014) All For You
57%
American
57%
Arcadia
57%
Baby Blue Love
57%
Bartender
57%
BBM Baby
57%
Beautiful People Beautiful Problems
57%
Because of You
57%
Black Beauty
57%
Blue Banisters
57%
Blue Velvet
57%
Boarding School
57%
California
57%
Candy Necklace
57%
Change
57%
Cherry Blossom
57%
Cinnamon Girl
57%
Come When You Call Me America
57%
Cry Kill Die
57%
Damn You
57%
Dance Till We Die
57%
2019 film Charlie's Angels Don't Call Me Angel
57%
Everything I Do
57%
Fishtail
57%
Freak
57%
Fucked My Way Up To The Top
57%
Fuck It Love You
57%
Get Free
57%
Gods & Monsters
57%
Groupie Love
57%
Happiness Is A Butterfly
57%
Henry, Come On
57%
Hey You
57%
In My Feelings
57%
Is This Happiness
57%
Kinda Outta Luck
57%
Let Me Love You Like A Woman
57%
Let The Light In
57%
Live or Die
57%
Lolita
57%
Lust For Life (2017) Love
57%
Love Song
57%
Lucky Ones
57%
Mariners Apartment Complex
57%
Million Dollar Man
57%
Music To Watch Boys To
57%
Nectar Of The Gods
57%
Norman Fucking Rockwell! (2019) Norman Fucking Rockwell
57%
2014 film Maleficent Once Upon a Dream
57%
Pawn Shop Blues
57%
Peppers
57%
The Weeknd (Beauty Behind The Madness, 2015) Prisoner
57%
Put the Radio On
57%
Queen of Disaster
57%
Radio
57%
Religion
57%
Paradise (2012) Ride
57%
Salvatore
57%
Serene Queen
57%
Taylor Swift (Midnights, 2022) Snow On The Beach
57%
The Weeknd (Starboy, 2016) (Interlude) Stargirl
57%
Summer Bummer
57%
Swan Song
57%
Sweet
57%
Terrence Loves You
57%
Blue Banisters (2021) Text Book
57%
The Blackest Day
57%
Did You Know That There's A Tunnel Under Ocean Blvd (2023) The Grants
57%
The Other Woman
57%
Tulsa Jesus Freak
57%
2022 Euphoria season 2 Watercolor Eyes
57%
What's a Girl to Do
57%
Yayo
57%
13 Beaches
43%
24
43%
Art Deco
43%
2014 film Big Eyes Big Eyes
43%
Body Electric
43%
Brooklyn Baby
43%
Coca Cola
43%
Cola
43%
Ultraviolence Deluxe (2014) Cruel World
43%
Dance for Money
43%
Dealer
43%
Did You Know That There's A Tunnel Under Ocean Blvd
43%
Diet Mountain Dew
43%
Interlude - The Trio
43%
Doin' Time
43%
Don't Let Me Be Misunderstood
43%
Florida Kilos
43%
God Bless America - And All The Beautiful Women In It
43%
God Knows I Tried
43%
Guns and Roses
43%
High By The Beach
43%
How To Disappear
43%
Jon Batiste Interlude
43%
Jump
43%
Kill Kill
43%
Kintsugi
43%
Margaret
43%
Meet Me in the Pale Moonlight
43%
Mermaid Motel
43%
Money Power Glory
43%
National Anthem
43%
Off To The Races
43%
Old Money
43%
Other Woman
43%
Prom Song (Gone Wrong)
43%
Queen Of The Gas Station
43%
Sad Girl
43%
2019 film Scary Stories to Tell in the Dark Season Of The Witch
43%
Serial Killer
43%
Shades of Cool
43%
Smarty
43%
Taco Truck x VB
43%
The Greatest
43%
The Next Best American Record
43%
This Is What Makes Us Girls
43%
Thunder
43%
Tomorrow Never Came
43%
Ultraviolence
43%
Venice Bitch
43%
Violets For Roses
43%
West Coast
43%
White Mustang
43%
Wildflower Wildfire
43%
Cat Power (Wanderer, 2018) Woman
43%
Yosemite
43%
Unreleased 1949
29%
Angels Forever, Forever Angels
29%
Be My Daddy
29%
Big Bad Wolf
29%
Black Bathing Suit
29%
Breaking Up Slowly
29%
Brite Lites
29%
Burning Desire
29%
Burnt notion interlude
29%
Butterflies
29%
Caught You Boy
29%
Dangerous Girl
29%
Dark But Just A Game
29%
A$AP Rocky Delicious
29%
Every Man Gets His Wish
29%
Flipside
29%
For Free
29%
For K Part 2
29%
Go Go Dancer
29%
Gramma
29%
Hollywood
29%
Hollywood's Dead
29%
Hot Hot Hot
29%
Hundred Dollar Bill
29%
If I Die Young
29%
Is It Wrong
29%
I Was in a Bad Way
29%
JFK
29%
Judah Smith Interlude
29%
Lift Your Eyes
29%
Living Legend
29%
Maha Maha
29%
My Best Days
29%
On Our Way
29%
Paradise
29%
Paris, Texas
29%
Playing Dangerous
29%
Pretty When You Cry
29%
Roses
29%
Singles Say Yes To Heaven
29%
So Legit
29%
Sweet Carolina
29%
Take Me to Paris
29%
Television Heaven
29%
The Weeknd (Hurry Up Tomorrow, 2024) The Abyss
29%
Video Games
29%
Wayamaya
29%
When The World Was At War We Kept Dancing
29%
Wild At Heart
29%
80s Baby
14%
Ave Maria
14%
Backfire
14%
Bad Boy
14%
Behind Closed Doors
14%
Bikini Gold
14%
Breaking My Heart
14%
Break My Fall
14%
Coachella - Woodstock In My Mind
14%
Criminals Run The World
14%
Daytona Meth
14%
Driving in Cars with Boys
14%
Dynamite
14%
Fine China
14%
Gangsta Boy
14%
Ghetto Baby
14%
Grandfather Please Stand On The Shoulders Of My Father While He's Deep-Sea Fishing
14%
Have a Baby
14%
He's Deep-Sea Fishing
14%
Hey Blue Baby
14%
Hope ls A Dangerous Thing For A Woman Like Me To Have
14%
Jealous Girl
14%
Marilyn
14%
Motel 6
14%
Oooh Baby
14%
Party Girl
14%
The Weeknd (Starboy, 2016) (Backing vocals) Party Monster
14%
Prettiest Girl in Country Music
14%
Queen of Hearts
14%
Raise Me Up (Mississippi South)
14%
Ridin
14%
Bleachers (Take the Sadness Out of Saturday Night, 2021) Secret Life
14%
Spin Me Round
14%
Trash Magic
14%
Us Against the World
14%
Velvet Crowbar
14%
Emile Haynie (We Fall, 2015) Wait For Life
14%
Wild One
14%
Your Girl
14%
Zodiac
14%
4th of July
0%
Afraid
0%
All Smiles
0%
Axl Rose Husband
0%
Back to tha Basics
0%
Beach Boys
0%
Beautiful Player
0%
Kacey Musgraves (The Kacey Musgraves Christmas Show, 2019) Be Home For Christmas
0%
Bellevue
0%
Ben
0%
Bentley
0%
Betty Boop Boop
0%
Smiler Big Spender
0%
2024 The New Look Blue Skies
0%
Butterflies part 2
0%
Catch and Release
0%
Children of the Bad Revolution
0%
Connection
0%
Crooked Cop
0%
C U L8r Alligator
0%
Cult Leader
0%
Daddy Issues
0%
Dark City
0%
Bobby Womack (The Bravest Man in the Universe, 2012) Dayglo Reflection
0%
Disco
0%
Don't Stop
0%
Dragonslayer
0%
Dreamgirl
0%
Dum Dum
0%
Earthquakes
0%
Elvis
0%
Fake Diamond
0%
Fordham Road
0%
French Restaurant
0%
Girl That Got Away
0%
BØRNS (Blue Madonna, 2018) God Save Our Young Blood
0%
Greenwich
0%
Hangin' Around
0%
Hawaiian Tropic
0%
Heartshaped Chevrolet
0%
Heavy Hitter
0%
Hit It & Run
0%
Rob Grant (Lost At Sea, 2023) Hollywood Bowl
0%
2014 film Big Eyes I Can Fly
0%
Ice Cream
0%
I Learned How to Make Love from the Movies
0%
I Must Be Stupid for Being so Happy
0%
In the Sun
0%
I Talk to Jesus
0%
Lake Placid
0%
Last Girl on Earth
0%
Let My Hair Down
0%
Jon Batiste (World Music Radio, 2023) Life Lesson
0%
Live Forever
0%
Madly
0%
Making Out
0%
Marilyn Monroe
0%
Match Made in Heaven
0%
Melancholia
0%
Me & My Boyfriend
0%
Methamphetamines
0%
Midnight Dancer Girlfriend
0%
Princess Superstar Moi Je Joue
0%
Money Hunny
0%
Morricone
0%
The Kickdrums and A$AP Rocky My Bitch
0%
Noir
0%
Numbness
0%
Oh Say Can You See
0%
Pin Up Galore
0%
Playground
0%
Poetry in Motion
0%
Push Me Down
0%
Put Me ln A Movie
0%
Put Your Lips Together
0%
Resistance
0%
Barrie-James (Strange Desire, 2021) Riverside
0%
Run Motorcycle
0%
Scarface
0%
Midnights (The Til Dawn Edition, 2023) Snow On The Beach (feat. More Lana Del Rey)
0%
Star Lux
0%
Starry Eyed
0%
Stoplight De-Lite
0%
Strangelove
0%
St. Tropez
0%
Holly Macve (Wonderland, 2024) Suburban House
0%
Summer of Sam
0%
Super Movie
0%
Sweetheart
0%
The Devil
0%
Tired of Singing the Blues
0%
Unidentified Flying Bill
0%
Valley of the Dolls
0%
Vivian
0%
Wolf T-Shirt
0%
Won Me Over
0%
You Can Be the Boss
0%
2020 film The End Of The Storm You'll Never Walk Alone
0%
Your Band Is All the Rage
0%
No matching quizzes found
Score Distribution
Percent of People with Each Score
Percentile by Number Answered
Your Score History
You have not taken this quiz since the last reset